<?xml version="1.0" encoding="UTF-8"?><marc:collection xmlns:marc="http://www.loc.gov/MARC21/slim">
  <marc:record>
    <marc:leader>00000nam##2200000za#4500</marc:leader>
    <marc:controlfield tag="001">9.617422</marc:controlfield>
    <marc:controlfield tag="003">CaOODSP</marc:controlfield>
    <marc:controlfield tag="005">20210615102152</marc:controlfield>
    <marc:controlfield tag="007">ta</marc:controlfield>
    <marc:controlfield tag="008">150406|2004||||xxc|||||     f|0| 0 eng|d</marc:controlfield>
    <marc:datafield tag="022" ind1=" " ind2=" ">
      <marc:subfield code="a">0706-6473</marc:subfield>
    </marc:datafield>
    <marc:datafield tag="040" ind1=" " ind2=" ">
      <marc:subfield code="a">CaOODSP</marc:subfield>
      <marc:subfield code="b">eng</marc:subfield>
    </marc:datafield>
    <marc:datafield tag="043" ind1=" " ind2=" ">
      <marc:subfield code="a">n-cn---</marc:subfield>
    </marc:datafield>
    <marc:datafield tag="086" ind1="1" ind2=" ">
      <marc:subfield code="a">Fs97-4/2698E</marc:subfield>
    </marc:datafield>
    <marc:datafield tag="110" ind1="1" ind2=" ">
      <marc:subfield code="a">Canada. </marc:subfield>
      <marc:subfield code="b">Department of Fisheries and Oceans.</marc:subfield>
    </marc:datafield>
    <marc:datafield tag="245" ind1="1" ind2="0">
      <marc:subfield code="a">Enumeration studies of coho salmon at Black Creek : </marc:subfield>
      <marc:subfield code="b">1995 Adults and 1996 Juveniles and Adults / </marc:subfield>
      <marc:subfield code="c">by S.J. Baillie, K. Simpson, and J.A. Taylor.  </marc:subfield>
    </marc:datafield>
    <marc:datafield tag="260" ind1=" " ind2=" ">
      <marc:subfield code="a">Nanaimo - British Columbia : </marc:subfield>
      <marc:subfield code="b">Fisheries and Oceans Canada </marc:subfield>
      <marc:subfield code="c">2004.</marc:subfield>
    </marc:datafield>
    <marc:datafield tag="300" ind1=" " ind2=" ">
      <marc:subfield code="a">iv, 49p. : </marc:subfield>
      <marc:subfield code="b">graphs, illus., references, tables ; </marc:subfield>
      <marc:subfield code="c">28 cm.</marc:subfield>
    </marc:datafield>
    <marc:datafield tag="490" ind1="1" ind2=" ">
      <marc:subfield code="a">Canadian manuscript report of fisheries and aquatic sciences</marc:subfield>
      <marc:subfield code="x">0706-6473</marc:subfield>
      <marc:subfield code="v">2698</marc:subfield>
    </marc:datafield>
    <marc:datafield tag="500" ind1=" " ind2=" ">
      <marc:subfield code="a">"Fisheries and Oceans Canada, South Coast Area, 3225 Stephenson Point Road, Nanaimo, BC, V9T 1K3."</marc:subfield>
    </marc:datafield>
    <marc:datafield tag="520" ind1="3" ind2=" ">
      <marc:subfield code="a">This report is part of a series that contains scientific and technical information that contributes to existing knowledge but deals with national or regional problems. They are distributed to institutions and individuals in the relevant areas of Canada. The subject matter reflects the interests and policies of the Department of Fisheries and Oceans.</marc:subfield>
    </marc:datafield>
    <marc:datafield tag="546" ind1=" " ind2=" ">
      <marc:subfield code="a">(Résumés en français.)</marc:subfield>
    </marc:datafield>
    <marc:datafield tag="563" ind1=" " ind2=" ">
      <marc:subfield code="a">Softcover</marc:subfield>
    </marc:datafield>
    <marc:datafield tag="590" ind1=" " ind2=" ">
      <marc:subfield code="a">05-25</marc:subfield>
      <marc:subfield code="b">2005-06-24</marc:subfield>
    </marc:datafield>
    <marc:datafield tag="720" ind1="1" ind2=" ">
      <marc:subfield code="a">Baillie, S.J.</marc:subfield>
    </marc:datafield>
    <marc:datafield tag="720" ind1="1" ind2=" ">
      <marc:subfield code="a">Simpson, K.</marc:subfield>
    </marc:datafield>
    <marc:datafield tag="720" ind1="1" ind2=" ">
      <marc:subfield code="a">Taylor, J.A.</marc:subfield>
    </marc:datafield>
    <marc:datafield tag="776" ind1="0" ind2="#">
      <marc:subfield code="t">Enumeration studies of coho salmon at Black Creek : </marc:subfield>
      <marc:subfield code="w">(CaOODSP)9.579997</marc:subfield>
    </marc:datafield>
    <marc:datafield tag="830" ind1="#" ind2="0">
      <marc:subfield code="a">Canadian manuscript report of fisheries and aquatic sciences,</marc:subfield>
      <marc:subfield code="x">0706-6473</marc:subfield>
      <marc:subfield code="v">2698</marc:subfield>
      <marc:subfield code="w">(CaOODSP)9.514688</marc:subfield>
    </marc:datafield>
  </marc:record>
</marc:collection>
